ბათუმის შოთა რუსთაველის სახელმწიფო უნივერსიტეტის ბიბლიოთეკა

Курс машиностроительного черчения. (ბიბ.ჩანაწერი № 41154)

000 -LEADER
fixed length control field 00636nam a2200217Ia 4500
001 - CONTROL NUMBER
control field 7804
003 - CONTROL NUMBER IDENTIFIER
control field GE_BSU
008 - FIXED-LENGTH DATA ELEMENTS--GENERAL INFORMATION
fixed length control field 181216s||||||||xx |||||||||||||| ||und||
040 ## - CATALOGING SOURCE
Transcribing agency GE_BSU
080 ## - UNIVERSAL DECIMAL CLASSIFICATION NUMBER
Universal Decimal Classification number 744
100 ## - MAIN ENTRY--PERSONAL NAME
Personal name Каменев,В.И.
245 ## - TITLE STATEMENT
Title Курс машиностроительного черчения.
245 ## - TITLE STATEMENT
Remainder of title Учеб. пособие.
245 ## - TITLE STATEMENT
Statement of responsibility, etc. Под ред. Н.Н.Иванова.
260 ## - PUBLICATION, DISTRIBUTION, ETC.
Place of publication, distribution, etc. М.
260 ## - PUBLICATION, DISTRIBUTION, ETC.
Name of publisher, distributor, etc. Машиностроение.
260 ## - PUBLICATION, DISTRIBUTION, ETC.
Date of publication, distribution, etc. 1964.
300 ## - PHYSICAL DESCRIPTION
Extent 184стр.с илл. 30см.
653 ## - INDEX TERM--UNCONTROLLED
Uncontrolled term Курс машиностроительного черчения.
942 ## - ADDED ENTRY ELEMENTS (KOHA)
Koha item type წიგნი
ეგზემპლარები
Withdrawn status Lost status Damaged status Not for loan Date acquired Barcode Date last seen Price effective from Koha item type
        2018-12-17 12224 2018-12-17 2018-12-17 წიგნი
        2018-12-17 12225 2018-12-17 2018-12-17 წიგნი